Մենք, տղաներն սփիւռքի․․․ / (Record no. 77348)
[ view plain ]
| 000 -LEADER | |
|---|---|
| fixed length control field | 00779nam a22002297a 4500 |
| 003 - CONTROL NUMBER IDENTIFIER | |
| control field | SEM |
| 005 - DATE AND TIME OF LATEST TRANSACTION | |
| control field | 20260701120218.0 |
| 008 - FIXED-LENGTH DATA ELEMENTS--GENERAL INFORMATION | |
| fixed length control field | 260701s2010 ai ||||| ||||||01|||arm|d |
| 020 ## - INTERNATIONAL STANDARD BOOK NUMBER | |
| International Standard Book Number | 978-9939-812-87-8 |
| 040 ## - CATALOGING SOURCE | |
| Original cataloging agency | SEM |
| Transcribing agency | SEM |
| 041 ## - LANGUAGE CODE | |
| Language code of text/sound track or separate title | arm |
| 080 ## - UNIVERSAL DECIMAL CLASSIFICATION NUMBER | |
| Universal Decimal Classification number | 891.981-94/Ա-50 |
| 100 ## - MAIN ENTRY--PERSONAL NAME | |
| Personal name | Աճեմյան, Գոհար |
| 245 ## - TITLE STATEMENT | |
| Title | Մենք, տղաներն սփիւռքի․․․ / |
| Statement of responsibility, etc. | Գ․ Աճեմյան; Խմբ․ Վ․ Արյան |
| 260 ## - PUBLICATION, DISTRIBUTION, ETC. | |
| Place of publication, distribution, etc. | Երևան ։ |
| Name of publisher, distributor, etc. | Վան Արյան, |
| Date of publication, distribution, etc. | 2010․ |
| 300 ## - PHYSICAL DESCRIPTION | |
| Extent | 199 էջ ; |
| Other physical details | նկ․ ; |
| Dimensions | 16 սմ |
| 650 ## - SUBJECT ADDED ENTRY--TOPICAL TERM | |
| Topical term or geographic name entry element | Հայ գրականություն |
| General subdivision | հուշագրություն |
| 651 ## - SUBJECT ADDED ENTRY--GEOGRAPHIC NAME | |
| Source of heading or term | Հայոց պատմություն |
| General subdivision | սփյուռք |
| 653 ## - INDEX TERM--UNCONTROLLED | |
| Uncontrolled term | ՍԷՄ |
| 700 ## - ADDED ENTRY--PERSONAL NAME | |
| Personal name | Արյան, Վան |
| Relationship | edt. |
| Relator term | խմբ․ |
| 942 ## - ADDED ENTRY ELEMENTS (KOHA) | |
| Source of classification or shelving scheme | Universal Decimal Classification |
| Koha item type | Գրքեր/Books |
| Suppress in OPAC | No |
| Withdrawn status | Lost status | Source of classification or shelving scheme | Damaged status | Not for loan | Collection code | Home library | Current library | Date acquired | Cost, normal purchase price | Inventory number | Total Checkouts | Full call number | Barcode | Date last seen | Price effective from | Koha item type | Public note |
|---|---|---|---|---|---|---|---|---|---|---|---|---|---|---|---|---|---|
| Universal Decimal Classification | Գրապահոց | Մայր Աթոռ Սուրբ Էջմիածին «Վաչե և Թամար Մանուկյան» Մատենադարան | Մայր Աթոռ Սուրբ Էջմիածին «Վաչե և Թամար Մանուկյան» Մատենադարան | 01/07/2026 | 1000.00 | 37328 | 981.891-94/Ա-50 | 37328 | 01/07/2026 | 01/07/2026 | Գրքեր/Books | Սպասարկվում է ընթերցասրահ |